000 00751nam a2200205 i 4500
001 46821
003 ES-MaACL
005 20230906161443.0
007 t|
008 030401s1894 sp ||||1| spa d
080 _a94(64)"18"(0:82)
080 _a821.134.2-31"18"
100 1 _aKaid-er-Rjá.
_9157196
245 1 3 _aLa conquista de Marruecos en el año 1893
_b: estudio de la última campaña llevada a cabo por franceses, ingleses y alemanes en el imperio de Marruecos /
_cpor un Kaid-Er-Rjá ; traducida para El Mercantil Valenciano.
250 _a3ª ed.
260 _aValencia :
_bLibrería de Ramón Ortega,
_c1894.
300 _a104 p. ;
_c19 cm.
651 4 _aMarruecos-
_xHistoria-
_yS.XIX-
_vNovelas.
_9157197
852 _aES-MaACL
_jD-3216
999 _c46821
_d46821